000 00255 a2200097 4500
001 12250
100 _aAshiq M. Khan Durrani, Dr
245 _aTareekh-e-Afganistan bahawala Tareekh Sadozai
260 _a
_bSang-e-Meel Publications
_c
090 _c9484
_d9484
942 _aNUST-CAE
_cM
_c36360
999 _c247323
_d247323